[Event "Berlin-ch Seniors op 36th"]
[Site "Berlin"]
[Date "2020.01.31"]
[Round "4.12"]
[White "Metzger, Albert"]
[Black "Kribben, Matthias"]
[Result "1/2-1/2"]
[WhiteElo "1845"]
[BlackElo "2100"]
[PlyCount "121"]
[EventDate "2020.01.28"]
[EventType "swiss"]
[EventRounds "9"]
[EventCountry "GER"]
[SourceTitle "EXT 2024"]
[Source "ChessBase"]
[SourceDate "2023.10.10"]
[SourceVersion "1"]
[SourceVersionDate "2023.10.10"]
[SourceQuality "1"]

1. Nf3 d5 2. d4 Nf6 3. g3 e6 4. Bg2 c5 5. c3 Nc6 6. 0-0 Bd6 7. Nbd2 0-0 8. dxc5 Bxc5 9. Nb3 Be7 10. Nbd4 Bd7 11. h3 Rc8 12. Kh2 h6 13. Be3 Na5 14. Ne5 Be8 15. Rc1 Bd6 16. Ndf3 b6 17. Bd4 Ne4 18. b4 Nc6 19. Qd3 Qc7 20. Nxc6 Bxc6 21. Nd2 f5 22. f4 g5 23. e3 e5 24. fxe5 Bxe5 25. Bxe5 Qxe5 26. Nxe4 dxe4 27. Qd4 Qxd4 28. cxd4 Bd7 29. Rfd1 Be6 30. g4 fxg4 31. Bxe4 gxh3 32. d5 Bd7 33. d6 Kf7 34. Rc7 Ke6 35. Rxa7 Rfd8 36. Bf3 Ke5 37. Rc7 g4 38. Bb7 Rb8 39. Kg3 h5 40. Rd5+ Ke4 41. Rxh5+ Kxe3 42. Rh7 Bc8 43. Rhe7+ Kd4 44. Rg7 Rxb7 45. Rxb7 Bxb7 46. Rxb7 Rxd6 47. Rg7 Rh6 48. Rxg4+ Kc3 49. Kh2 b5 50. a3 Kb3 51. Rg3+ Kb2 52. Rf3 Rh5 53. Rg3 Kc2 54. a4 bxa4 55. Ra3 Rh4 56. Rxa4 Kb3 57. Ra8 Kxb4 58. Rg8 Kc4 59. Rg3 Kd4 60. Rxh3 Rxh3+ 61. Kxh3 1/2-1/2

[Event "Berlin-ch Seniors op 34th"]
[Site "Berlin"]
[Date "2018.02.01"]
[Round "3"]
[White "Metzger, Albert"]
[Black "Schulz, Hartmut"]
[Result "1/2-1/2"]
[WhiteElo "1844"]
[BlackElo "2081"]
[PlyCount "70"]
[EventDate "2018.01.30"]
[EventType "swiss"]
[EventRounds "9"]
[EventCountry "GER"]
[SourceTitle "EXT 2020"]
[Source "ChessBase"]
[SourceDate "2019.10.17"]
[SourceVersion "1"]
[SourceVersionDate "2019.10.17"]
[SourceQuality "1"]

1. Nf3 d5 2. d4 Nf6 3. Bf4 Bf5 4. e3 e6 5. c3 c6 6. Bd3 Bxd3 7. Qxd3 Qb6 8. b3 Qa6 9. Qxa6 Nxa6 10. Nbd2 c5 11. Ke2 Be7 12. h3 0-0 13. Rhc1 Rac8 14. c4 cxd4 15. Nxd4 Ba3 16. Rd1 Bb2 17. Rab1 Bxd4 18. exd4 Nb4 19. Bd6 Nxa2 20. Bxf8 Nc3+ 21. Kd3 Nxd1 22. Rxd1 Kxf8 23. c5 b6 24. b4 a5 25. cxb6 axb4 26. Rb1 Rb8 27. Rxb4 Nd7 28. b7 Ke7 29. Nb3 Kd6 30. Na5 Kc7 31. f4 Nb6 32. g4 Nc4 33. Nxc4 dxc4+ 34. Kxc4 Rxb7 35. Rxb7+ Kxb7 1/2-1/2

[Event "GER-chB Seniors 29th"]
[Site "Berlin"]
[Date "2017.08.15"]
[Round "8"]
[White "Schroeter, Reinhard"]
[Black "Metzger, Albert"]
[Result "1-0"]
[WhiteElo "1783"]
[BlackElo "1869"]
[PlyCount "80"]
[EventDate "2017.08.07"]
[EventType "swiss"]
[EventRounds "9"]
[EventCountry "GER"]
[SourceTitle "EXT 2019"]
[Source "ChessBase"]
[SourceDate "2018.10.10"]
[SourceVersion "1"]
[SourceVersionDate "2018.10.10"]
[SourceQuality "1"]

1. d4 f5 2. Nf3 Nf6 3. c4 e6 4. e3 b6 5. g3 Bb7 6. Bg2 Be7 7. 0-0 0-0 8. Nc3 c6 9. b3 d5 10. cxd5 exd5 11. Qc2 Ne4 12. Ne5 Bd6 13. Nxe4 fxe4 14. Bb2 Qe8 15. f3 exf3 16. Rxf3 Rxf3 17. Bxf3 c5 18. Qf5 Bxe5 19. dxe5 Qf7 20. Qg4 Na6 21. Rf1 Qe7 22. Bg2 Rf8 23. Rxf8+ Kxf8 24. Qf5+ Kg8 25. e6 Nc7 26. Bh3 Bc8 27. Qf7+ Qxf7 28. exf7+ Kxf7 29. Bxc8 g6 30. Kf2 a5 31. Be5 Ne8 32. Bd7 Nf6 33. Bxf6 Kxf6 34. Kf3 Ke5 35. a4 h6 36. h4 g5 37. hxg5 hxg5 38. Bb5 Kf5 39. Bd3+ Ke5 40. Kg4 Kf6 1-0

[Event "GER-chB Seniors 29th"]
[Site "Berlin"]
[Date "2017.08.11"]
[Round "6"]
[White "Gauer, Jakob"]
[Black "Metzger, Albert"]
[Result "1/2-1/2"]
[WhiteElo "1809"]
[BlackElo "1869"]
[PlyCount "103"]
[EventDate "2017.08.07"]
[EventType "swiss"]
[EventRounds "9"]
[EventCountry "GER"]
[SourceTitle "EXT 2019"]
[Source "ChessBase"]
[SourceDate "2018.10.10"]
[SourceVersion "1"]
[SourceVersionDate "2018.10.10"]
[SourceQuality "1"]

1. e4 e6 2. d4 d5 3. e5 c5 4. c3 Nc6 5. Nf3 Qb6 6. a3 c4 7. Nbd2 Na5 8. Be2 Be7 9. 0-0 Bd7 10. Rb1 Rc8 11. h4 f6 12. exf6 Nxf6 13. Ne5 0-0 14. f4 Be8 15. g3 Nc6 16. b3 cxb3 17. Rxb3 Qc7 18. Rb1 Nxe5 19. fxe5 Ne4 20. Rxf8+ Bxf8 21. Nxe4 dxe4 22. c4 b6 23. Qb3 Qd7 24. Be3 h6 25. Bg4 Bf7 26. d5 Bc5 27. Bxc5 Rxc5 28. Rc1 Qe7 29. d6 Qd7 30. Qe3 Be8 31. Qd4 Ra5 32. Qxe4 Rxa3 33. Kh2 Qf7 34. Qf4 Bd7 35. Qxf7+ Kxf7 36. Rf1+ Kg8 37. Bh5 Re3 38. Rf7 Bc6 39. Rc7 Ba4 40. d7 Bxd7 41. Rxd7 Rxe5 42. Bg6 Kf8 43. Rf7+ Kg8 44. Rxa7 Kf8 45. Rf7+ Kg8 46. Rb7 Kf8 47. Rxb6 Ke7 48. Rb4 Kf6 49. h5 Kg5 50. Bf7 Kf6 51. Be8 Ke7 52. Bg6 1/2-1/2

[Event "GER-chB Seniors 29th"]
[Site "Berlin"]
[Date "2017.08.11"]
[Round "5"]
[White "Zotin, Vladimir"]
[Black "Metzger, Albert"]
[Result "1-0"]
[WhiteElo "1886"]
[BlackElo "1869"]
[PlyCount "113"]
[EventDate "2017.08.07"]
[EventType "swiss"]
[EventRounds "9"]
[EventCountry "GER"]
[SourceTitle "EXT 2019"]
[Source "ChessBase"]
[SourceDate "2018.10.10"]
[SourceVersion "1"]
[SourceVersionDate "2018.10.10"]
[SourceQuality "1"]

1. e4 e6 2. d4 d5 3. Nd2 dxe4 4. Nxe4 Nf6 5. Bd3 Be7 6. c3 Bd7 7. Nf3 Bc6 8. Qe2 Nxe4 9. Bxe4 Bxe4 10. Qxe4 Qd5 11. Qg4 Bf6 12. Qg3 Na6 13. Bf4 Qe4+ 14. Be3 Qg6 15. 0-0-0 Qxg3 16. hxg3 c6 17. g4 Nc7 18. Rh3 Nd5 19. Rdh1 h6 20. g5 Be7 21. gxh6 g6 22. g4 Nf6 23. g5 Nh5 24. Ne5 Rc8 25. Rf3 0-0 26. Rh4 b6 27. Kc2 Bd6 28. h7+ Kxh7 29. Rxf7+ Rxf7 30. Nxf7 Be7 31. Re4 Ng7 32. Nh6 Re8 33. Ng4 Nf5 34. Bf4 Ng7 35. Kd3 Bd8 36. Nf6+ Bxf6 37. gxf6 Nh5 38. Bg5 Kg8 39. Rh4 Kf7 40. Ke4 Nxf6+ 41. Ke5 Nh5 42. Kd6 e5 43. Re4 Re6+ 44. Kd7 Nf6+ 45. Bxf6 Kxf6 46. dxe5+ Rxe5 47. Ra4 b5 48. Rf4+ Rf5 49. Rxf5+ Kxf5 50. Kxc6 a6 51. a4 Kf4 52. axb5 axb5 53. Kxb5 Kf3 54. c4 Kxf2 55. c5 g5 56. c6 g4 57. c7 1-0

[Event "Berlin-ch Seniors op 33rd"]
[Site "Berlin"]
[Date "2017.02.01"]
[Round "2"]
[White "Simon, Ralf Axel"]
[Black "Metzger, Albert"]
[Result "1-0"]
[WhiteElo "2160"]
[BlackElo "1877"]
[PlyCount "91"]
[EventDate "2017.01.31"]
[EventType "swiss"]
[EventRounds "9"]
[EventCountry "GER"]
[SourceTitle "EXT 2019"]
[Source "ChessBase"]
[SourceDate "2018.10.10"]
[SourceVersion "1"]
[SourceVersionDate "2018.10.10"]
[SourceQuality "1"]

1. Nf3 Nf6 2. c4 c5 3. Nc3 Nc6 4. g3 g6 5. Bg2 Bg7 6. d4 cxd4 7. Nxd4 0-0 8. 0-0 a6 9. e3 Qc7 10. b3 d6 11. Bb2 Bd7 12. Rc1 Nxd4 13. exd4 Bc6 14. d5 Bd7 15. Re1 Rfe8 16. Ne2 Qc8 17. Nd4 Bh3 18. Rc2 Bxg2 19. Kxg2 Qd7 20. a4 Rac8 21. h3 Rc7 22. Rce2 Kf8 23. Qd2 Qc8 24. Qf4 Kg8 25. g4 Qd8 26. h4 Qd7 27. f3 h6 28. Rh1 Nh7 29. h5 g5 30. Qd2 Nf6 31. Nf5 e5 32. dxe6 Rxe6 33. Rxe6 fxe6 34. Nxd6 Qc6 35. Bxf6 Bxf6 36. Ne4 Be7 37. Rd1 Kf7 38. Qd3 e5 39. Ng3 Qf6 40. Qd5+ Qe6 41. Nf5 Bf8 42. Qd8 Qc6 43. Rd2 Be7 44. Qh8 Bf8 45. Rd8 Qc5 46. Qh7+ 1-0

[Event "GER-chA Seniors 27th"]
[Site "Magdeburg"]
[Date "2015.08.17"]
[Round "3"]
[White "Metzger, Albert"]
[Black "Bondick, Karl Heinz"]
[Result "0-1"]
[WhiteElo "1888"]
[BlackElo "2038"]
[PlyCount "39"]
[EventDate "2015.08.15"]
[EventType "swiss"]
[EventRounds "9"]
[EventCountry "GER"]
[SourceTitle "EXT 2018"]
[Source "ChessBase"]
[SourceDate "2017.10.13"]
[SourceVersion "1"]
[SourceVersionDate "2017.10.13"]
[SourceQuality "1"]

1. Nf3 d5 2. b3 f6 3. Bb2 Nh6 4. g3 e5 5. d3 Be6 6. Bg2 c5 7. Nbd2 Nc6 8. a4 Be7 9. h3 0-0 10. e4 Qd7 11. g4 Nf7 12. Qe2 Rac8 13. Nf1 Nd4 14. Nxd4 cxd4 15. Ng3 Bb4+ 16. Kf1 Rc6 17. exd5 Bxd5 18. Nf5 Rfc8 19. Bxd5 Qxd5 20. Ne7+ 0-1

[Event "Blankenburg op-A 16th"]
[Site "Blankenburg"]
[Date "2008.10.06"]
[Round "5"]
[White "Metzger, Albert"]
[Black "Fleischmann, Torsten"]
[Result "0-1"]
[WhiteElo "1942"]
[BlackElo "1863"]
[PlyCount "94"]
[EventDate "2008.10.03"]
[EventType "swiss"]
[EventRounds "7"]
[EventCountry "GER"]
[SourceTitle "EXT 2015"]
[Source "ChessBase"]
[SourceDate "2014.11.20"]
[SourceVersion "1"]
[SourceVersionDate "2014.11.20"]
[SourceQuality "1"]

1. Nf3 c5 2. g3 d5 3. Bg2 Nc6 4. 0-0 e5 5. c4 d4 6. d3 Nf6 7. Nbd2 Be7 8. Rb1 0-0 9. Re1 a6 10. Nf1 Rb8 11. e4 b5 12. cxb5 axb5 13. Nh4 Qa5 14. a3 b4 15. Bd2 Qa6 16. axb4 Nxb4 17. Bxb4 Rxb4 18. Nf5 Bd6 19. Qc2 g6 20. Nxd6 Qxd6 21. f4 Nd7 22. Qd2 f6 23. h4 Kg7 24. Nh2 exf4 25. gxf4 h6 26. Ra1 Ba6 27. Ra3 Rfb8 28. Ra2 c4 29. e5 fxe5 30. fxe5 Qe6 31. Rea1 R4b6 32. Bf1 Qxe5 33. dxc4 Qg3+ 34. Bg2 d3 35. Nf1 Qd6 36. b3 Bb7 37. Qc3+ Kh7 38. Bxb7 R6xb7 39. Rb2 Ne5 40. Nh2 Qc5+ 41. Kg2 Nxc4 42. Qc1 Qd5+ 43. Nf3 Nxb2 44. Qxb2 Rxb3 45. Ra7+ R8b7 46. Qa2 d2 47. Rxb7+ Qxb7 0-1

[Event "Sachsen-Anhalt-ch Seniors 14th"]
[Site "Osterburg"]
[Date "2006.06.10"]
[Round "1"]
[White "Metzger, Albert"]
[Black "Pape, Manfred"]
[Result "1/2-1/2"]
[WhiteElo "1757"]
[BlackElo "2068"]
[PlyCount "100"]
[EventDate "2006.06.10"]
[EventType "swiss"]
[EventRounds "7"]
[EventCountry "GER"]
[SourceTitle "EXT 2007"]
[Source "ChessBase"]
[SourceDate "2006.11.23"]
[SourceVersion "1"]
[SourceVersionDate "2006.11.23"]
[SourceQuality "1"]

1. Nf3 Nf6 2. d4 g6 3. c4 Bg7 4. Nc3 d6 5. g3 0-0 6. Bg2 Nc6 7. h3 Bd7 8. Be3 Re8 9. 0-0 a6 10. Qd2 Qc8 11. Kh2 e5 12. d5 Na5 13. b3 b6 14. Rac1 Nb7 15. Bh6 Bh8 16. e4 b5 17. cxb5 axb5 18. Rfe1 b4 19. Nd1 Nc5 20. Ng1 Qa6 21. Rc2 Bb5 22. f3 Bd3 23. Rb2 Qa3 24. Be3 Nfd7 25. Bf1 Qa6 26. Bxc5 Nxc5 27. Ne3 Bxf1 28. Rxf1 Bg7 29. Nc4 f5 30. Re1 fxe4 31. fxe4 Rf8 32. Re2 Rf1 33. Kg2 Raf8 34. Qe3 h5 35. h4 Qc8 36. Rf2 R1xf2+ 37. Rxf2 Rxf2+ 38. Kxf2 Qg4 39. Nd2 Kh7 40. Qf3 Qd7 41. Kg2 c6 42. Nh3 cxd5 43. exd5 Qf5 44. Ng5+ Kg8 45. Nde4 Nxe4 46. Nxe4 Qd7 47. Qf6 Qg4 48. Qd8+ Kh7 49. Ng5+ Kh6 50. Nf7+ Kh7 1/2-1/2

[Event "Blankenburg op-A 13th"]
[Site "Blankenburg"]
[Date "2005.10.03"]
[Round "6"]
[White "Reichel, Matti"]
[Black "Metzger, Albert"]
[Result "1/2-1/2"]
[WhiteElo "1727"]
[BlackElo "1753"]
[PlyCount "105"]
[EventDate "2005.09.30"]
[EventType "swiss"]
[EventRounds "7"]
[EventCountry "GER"]
[SourceTitle "EXT 2007"]
[Source "ChessBase"]
[SourceDate "2006.11.23"]
[SourceVersion "1"]
[SourceVersionDate "2006.11.23"]
[SourceQuality "1"]

1. e4 e6 2. Nc3 c5 3. Nf3 d5 4. d4 Nf6 5. exd5 Nxd5 6. Nxd5 Qxd5 7. Be3 cxd4 8. Qxd4 Qxd4 9. Bxd4 Nc6 10. Bb5 Bd7 11. Be3 a6 12. Ba4 Be7 13. 0-0-0 b5 14. Bb3 Na5 15. Rd3 Bc6 16. Bb6 Nxb3+ 17. axb3 0-0 18. Ba5 Rac8 19. Re1 Bf6 20. g3 Bd5 21. Ne5 Bd8 22. Bb4 Re8 23. Ng4 Bb6 24. Ne3 Be4 25. Rc3 a5 26. Rxc8 Rxc8 27. Bd2 Bxe3 28. Rxe3 Bxc2 29. Bxa5 Bxb3+ 30. Rc3 Rxc3+ 31. Bxc3 f6 32. Kd2 Kf7 33. Ke3 e5 34. Bb4 Ke6 35. Bf8 g6 36. f3 Kd5 37. Bg7 f5 38. Bf6 Bd1 39. Bg7 b4 40. Bf6 b3 41. Bg7 g5 42. Bf6 f4+ 43. gxf4 gxf4+ 44. Kf2 e4 45. fxe4+ Kxe4 46. Bc3 h5 47. Ba5 Bg4 48. Bc7 h4 49. Bd8 h3 50. Bc7 Bd1 51. Bd6 Bf3 52. Bc7 Bg2 53. Bd6 1/2-1/2